Lose Control - MEDUZA, Becky Hill, Goodboys (All Lyrics) - Statistics

General Stats
  • This quiz has been taken 3 times
  • The average score is 309 of 330
Answer Stats
Answer % Correct
ah,
100%
ah
100%
ah)
100%
ah-ah-ah
100%
Ah-ah-ah-ah,
100%
ah, ah-ah-ah
100%
Ah, ah-ah-ah-ah,
100%
(ah-ah-ah-ah, ah)
100%
be
100%
Can
100%
can
100%
change
100%
control?
100%
control
100%
Could
100%
go?
100%
I
100%
(I
100%
is
100%
know
100%
let
100%
lose
100%
love,
100%
love
100%
me
100%
need
100%
of
100%
one
100%
out
100%
the
100%
to
100%
When
100%
when
100%
you
100%
your
100%
air,
67%
All
67%
and
67%
And
67%
ask
67%
atmosphere,
67%
call
67%
do
67%
drowning?
67%
feel
67%
I'm
67%
Just
67%
like
67%
Like
67%
patience
67%
(patience)
67%
running
67%
Some
67%
Why
67%
destructive
33%
falling?
33%
hold
33%
near
33%
not
33%
nowhere
33%
edge,
0%
from
0%
(oh)
0%
No matching quizzes found
Score Distribution
Percent of People with Each Score
Percentile by Number Answered
Your Score History
You have not taken this quiz